000 00482nam a2200169Ia 4500
999 _c12037
_d12037
003 OSt
005 20260324121457.0
008 190216s9999||||xx |||||||||||||| ||und||
040 _coclc
082 _a891.763
_bGOR/L
100 1 _aGorky, Maksim,
_d1868-1936
_942
245 0 _aLetters /
_cMaksim Gorky
260 _bProgress Publishers ,
_c1966.
_aMoscow:
300 _a199p
650 _aEnglish Stories
942 _cBK
_2ddc
_h891.763
_iGOR/L
_k891.763
_mGOR/L